000 00521nam a22001817a 4500
005 20251108172934.0
008 250721s2004 xx 000 0 ara d
082 1 4 _aق/خضي
100 1 _aخضير، محمد
245 1 0 _aكراسة كانون -رواية /
264 1 _aعمان :
_bدار أزمنة للنشر و التوزيع،
_c2004.
300 _a104ص.
490 0 _aإبداعات عربية
650 1 7 _aالأدب العربي
650 1 7 _aالروايات
942 _2ddc
_cBK
999 _c92316
_d92316